Online
Catalog

Memoirs of Harry S. Truman : (Record no. 1275)

MARC details
000 -CABECERA
campo de control de longitud fija 00869cam a2200229 a 4500
001 - NÚMERO DE CONTROL
campo de control 000001346
005 - FECHA Y HORA DE LA ÚLTIMA TRANSACCIÓN
campo de control 20200929145541.0
008 - DATOS DE LONGITUD FIJA--INFORMACIÓN GENERAL
campo de control de longitud fija 851224s1956 xxu 001 0aeng
040 ## - FUENTE DE LA CATALOGACIÓN
Centro catalogador/agencia de origen DO-SdBNP
Lengua de catalogación spa
Centro/agencia modificador BNPHU
082 ## - NÚMERO DE LA CLASIFICACIÓN DECIMAL DEWEY
Número de clasificación 973.918
Número de documento/Ítem T867m
100 1# - ENTRADA PRINCIPAL--NOMBRE DE PERSONA
Nombre de persona Truman, Harry S.,
Fechas asociadas al nombre 1884-1972
9 (RLIN) 4520
245 10 - MENCIÓN DE TÍTULO
Título Memoirs of Harry S. Truman :
Resto del título years of trial and hope /
Mención de responsabilidad, etc. Harry S. Truman.
260 ## - PUBLICACIÓN, DISTRIBUCIÓN, ETC.
Lugar de publicación, distribución, etc. New York :
Nombre del editor, distribuidor, etc. New American Library,
Fecha de publicación, distribución, etc. 1956.
300 ## - DESCRIPCIÓN FÍSICA
Extensión 2 v. ;
Dimensiones 21 cm.
500 ## - NOTA GENERAL
Nota general Reprint. Originally published: Memoirs. Garden City, N.Y. : Doubleday, 1955-1956.
500 ## - NOTA GENERAL
Nota general Incluye índice.
505 0# - NOTA DE CONTENIDO CON FORMATO
Nota de contenido con formato v. 1. Year of decisions v. 2. Years of trial and hope.
651 #4 - PUNTO DE ACCESO ADICIONAL DE MATERIA--NOMBRE GEOGRÁFICO
Nombre geográfico Estados Unidos
Subdivisión general Política Y Gobierno
Subdivisión cronológica 1945-1953.
9 (RLIN) 4521
650 #4 - PUNTO DE ACCESO ADICIONAL DE MATERIA--TÉRMINO DE MATERIA
Término de materia o nombre geográfico como elemento de entrada Presidentes
Subdivisión geográfica Estandos Unidos
Subdivisión general Biografía
9 (RLIN) 4522
600 14 - PUNTO DE ACCESO ADICIONAL DE MATERIA--NOMBRE DE PERSONA
Nombre de persona TRUMAN, HARRY S.,
Fechas asociadas al nombre 1884-1972.
9 (RLIN) 4523
910 ## - DATOS DE OPCIÓN DEL USUARIO (OCLC)
Datos de opción del usuario En proceso
Holdings
Estado de retiro Estado de pérdida Restricciones de uso No para préstamo Código de colección Localización permanente Ubicación/localización actual Ubicación en estantería Fecha de adquisición Número de inventario Total de préstamos Signatura topográfica completa Código de barras Fecha visto por última vez Precio válido a partir de Tipo de ítem Koha
    Préstamo interno   Monografías: Libros y Folletos General General En catalogación 17.08.2009 LF1   973.918 T867m 1346-10 25.06.2020 25.06.2020 Préstamo interno

Powered by Koha